000 01027cam a22003014a 4500
999 _c9586
_d9586
001 9586
003 BD-JhCC
005 20180319200506.0
008 180319s2001 ii a df 000 0 eng
020 _a1888777559
035 _a(BD-JhCC)9586
040 _aDLC
_cDLC
_dDLC
_dBD-JhCC
041 _aeng
050 0 0 _aR121
_b.N475 2001
082 0 0 _a610/.3
_221
_bTHE 2001
245 0 4 _aThe new international Webster's pocket medical & first aid dictionary of the English language /
246 3 0 _aWebster's pocket medical & first aid dictionary of the English language
246 1 8 _aMedical & first aid dictionary of the English language
250 _a[New rev. ed.].
260 _a[Naples, Fla.] :
_bTrident Press International,
_c2001.
300 _a318 p. :
_bill. ;
_c17 cm.
650 0 _aMedicine
_vDictionaries.
650 0 _aMedicine, Popular
_vDictionaries.
650 0 _aFirst aid in illness and injury
_vHandbooks, manuals, etc.
710 2 _aTrident Press International.
942 _2ddc
_cREF